00000000nam 2200000zi 4500
0019.947446
003CaOODSP
00520250128113857
006m     o  d f      
007cr mn|||||||||
008250128t19911992oncbd   ob   f000 0 fre d
020 |z0662977300
040 |aCaOODSP|bfre|erda|cCaOODSP
043 |an-cn---|an-cn-on|an-cn-us
0861 |aZ1-1989/1-41-10F-PDF|zZ1-1989/1-41-10F
1001 |aSchultz, Richard J.|q(Richard John),|d1945- |eauteur.
24510|aSubventions accordées aux lignes aériennes : |btrois études de cas / |cRichard J. Schultz.
264 1|a[Ottawa] : |b[Commission royale sur le transport des voyageurs au Canada], |cnovembre 1991.
264 4|c©1992
300 |a1 ressource en ligne (51 pages) : |bgraphique, carte
336 |atexte|btxt|2rdacontent/fre
337 |ainformatique|bc|2rdamedia/fre
338 |aressource en ligne|bcr|2rdacarrier/fre
500 |aPublié aussi en anglais sous le titre : Airline subsidies : three case studies.
500 |a« Rapport rédigé pour la Division de la recherche, Commission royale sur le transport des voyageurs au Canada. »
500 |a« RR-10. »
500 |aÉdition numérisée de l'imprimée [par Direction des publications du gouvernement du Canada].
504 |aComprend des références bibliographiques (pages 49-51).
650 6|aCompagnies de transport aérien|xSubventions|zCanada|vÉtudes de cas.
650 6|aCompagnies de transport aérien|xSubventions|zOntario|vÉtudes de cas.
650 6|aCompagnies de transport aérien|xSubventions|zÉtats-Unis|vÉtudes de cas.
655 7|aÉtudes de cas|2rvmgf
7101 |aCanada. |bCommission royale sur le transport des voyageurs au Canada. |bDivision de la recherche, |eorganisme de publication.
77508|tAirline subsidies : |w(CaOODSP)9.947445
85640|qPDF|s2.96 Mo|uhttps://publications.gc.ca/collections/collection_2025/bcp-pco/Z1-1989-1-41-10-fra.pdf